000 00796nam a22002057a 4500
999 _c12126
_d12126
003 AR-CdUCM
008 190405b ||||| |||| 00| 0 spa d
040 _aMUNICIPALIDAD PROVINCIAL DEL CUSCO
_cBIBLIOTECA MUNICIPAL DEL CUSCO
082 _aES / 608 /
_bP77
100 _aPoole, Lynn
_93269
245 _aLas fronteras de la ciencia /
260 _aBarcelona :
_bEditorial Ramón Sopena, S.A.,
_c1958.
300 _a158 paginas
_c21 cm.
505 _aContenido :v.8. Queda mucho por descubrir -- Viendo en la obscuridad -- Un problema de nuestros días -- Aprovechando la energía del sol -- Ciclones ...
650 _aZonas fronterizas
_929818
650 _aCiencias aplicadas
_920077
700 _aBiosca Francisco M. (traductor)
_929806
942 _2ddc
_cLIBROS
945 _arum
_d2019-04-05